Investor and Industry Perspectives on Investment Advisers and Broker-Dealers (Record no. 352241)
[ view plain ]
| 000 -LEADER | |
|---|---|
| fixed length control field | 00745nam a2200133Ia 4500 |
| 008 - FIXED-LENGTH DATA ELEMENTS--GENERAL INFORMATION | |
| fixed length control field | 171212s9999 xx 000 0 und d |
| 020 ## - INTERNATIONAL STANDARD BOOK NUMBER | |
| International Standard Book Number | 9780833044037 |
| 100 ## - MAIN ENTRY--PERSONAL NAME | |
| Personal name | Hung, Angela A.;Clancy, Noreen;Dominitz, Jeff;Talley, Eric;Berrebi, Claude |
| 245 ## - TITLE STATEMENT | |
| Statement of responsibility, etc | Hung, Angela A.;Clancy, Noreen;Dominitz, Jeff;Talley, Eric;Berrebi, Claude |
| Title | Investor and Industry Perspectives on Investment Advisers and Broker-Dealers |
| 260 ## - PUBLICATION, DISTRIBUTION, ETC. (IMPRINT) | |
| Name of publisher, distributor, etc | RAND Corporation |
| Date of publication, distribution, etc | 2008 |
| 650 ## - SUBJECT ADDED ENTRY--TOPICAL TERM | |
| Topical term or geographic name as entry element | Law |
| 650 ## - SUBJECT ADDED ENTRY--TOPICAL TERM | |
| Topical term or geographic name as entry element | Securities -- United States; Securities industry -- Law and legislation -- United States; Investment advisors -- Legal status, laws, etc. -- United States; Stockbrokers -- Legal status, laws, etc. -- United States |
| 856 ## - ELECTRONIC LOCATION AND ACCESS | |
| Uniform Resource Identifier | <a href="www.jstor.org/stable/10.7249/tr556ussec">www.jstor.org/stable/10.7249/tr556ussec</a> |
| Withdrawn status | Lost status | Damaged status | Home library | Current library | Date acquired | Total Checkouts | Full call number | Date last seen | Price effective from | Koha item type |
|---|---|---|---|---|---|---|---|---|---|---|
| College Library | College Library | 12/12/2017 | KF1070.I58 2008 | 12/12/2017 | 12/12/2017 | Curriculum - Based eBooks |